人口1万人以上の市区町村(1920年)(三重県~沖縄県) - Statistics

General Stats
  • This quiz has been taken 39 times
    4 since last reset
  • The average score is 158 of 269
Answer Stats
人口 Answer % Correct
- 47,741 津市
100%
- 35,165 四日市市
100%
- 39,270 宇治山田市
100%
桑名郡 18,988 桑名町
100%
阿山郡 16,778 上野町
100%
北牟婁郡 12,819 尾鷲町
100%
- 31,453 大津市
100%
犬上郡 17,668 彦根町
100%
坂田郡 12,481 長浜町
100%
- 591,323 京都市
100%
天田郡 18,759 福知山町
100%
何鹿郡 10,675 綾部町
100%
加佐郡 10,385 舞鶴町
100%
- 1,252,983 大阪市
100%
- 84,999 堺市
100%
西成郡 21,508 中津町
100%
西成郡 50,080 今宮町
100%
東成郡 34,383 天王寺村
100%
泉南郡 10,345 佐野町
100%
- 608,644 神戸市
100%
- 45,750 姫路市
100%
- 38,461 尼崎市
100%
- 33,107 明石市
100%
武庫郡 28,428 西宮町
100%
- 40,301 奈良市
100%
生駒郡 13,133 郡山町
100%
北葛城郡 11,799 高田町
100%
- 83,500 和歌山市
100%
西牟婁郡 11,230 田辺町
100%
東牟婁郡 23,964 新宮町
100%
- 29,274 鳥取市
100%
東伯郡 11,519 倉吉町
100%
西伯郡 22,411 米子町
100%
- 37,527 松江市
100%
那賀郡 12,256 浜田町
100%
- 94,585 岡山市
100%
都窪郡 12,864 倉敷町
100%
小田郡 13,405 笠岡町
100%
苫田郡 17,085 津山町
100%
- 160,510 広島市
100%
- 130,362 呉市
100%
- 26,466 尾道市
100%
- 29,768 福山市
100%
賀茂郡 13,571 広村
100%
御調郡 11,154 三原町
100%
- 72,300 下関市
100%
玖珂郡 11,008 岩国町
100%
玖珂郡 13,378 柳井町
100%
都濃郡 19,114 徳山町
100%
佐波郡 21,325 防府町
100%
吉敷郡 25,297 山口町
100%
厚狭郡 38,063 宇部村
100%
厚狭郡 15,887 小野田町
100%
阿武郡 14,386 萩町
100%
- 68,457 徳島市
100%
- 46,550 高松市
100%
- 24,480 丸亀市
100%
綾歌郡 16,969 坂出町
100%
仲多度郡 15,599 善通寺町
100%
三豊郡 13,856 観音寺町
100%
- 51,250 松山市
100%
- 30,296 今治市
100%
北宇和郡 21,923 宇和島町
100%
北宇和郡 10,371 八幡村
100%
- 49,336 若松市
100%
- 100,235 八幡市
100%
- 43,629 久留米市
100%
- 64,317 大牟田市
100%
- 33,954 小倉市
100%
- 72,111 門司市
100%
鞍手郡 18,442 直方町
100%
嘉穂郡 28,876 飯塚町
100%
三井郡 15,426 国分村
100%
田川郡 22,371 伊田町
100%
田川郡 28,319 後藤寺町
100%
- 33,528 佐賀市
100%
東松浦郡 13,144 唐津町
100%
東松浦郡 10,317 唐津村
100%
- 176,534 長崎市
100%
- 87,022 佐世保市
100%
北松浦郡 11,133 山口村
100%
- 70,388 熊本市
100%
八代郡 12,034 八代町
100%
葦北郡 20,498 水俣町
100%
- 43,150 大分市
100%
速水郡 28,647 別府町
100%
南海部郡 18,817 臼杵町
100%
日田郡 10,805 日田町
100%
下毛郡 13,602 中津町
100%
宮崎郡 21,116 宮崎町
100%
北諸県郡 25,741 都城町
100%
西諸県郡 23,217 小林町
100%
- 103,180 鹿児島市
100%
揖宿郡 18,341 指宿村
100%
川辺郡 17,414 知覧村
100%
囎唹郡 15,993 志布志町
100%
肝属郡 18,334 鹿屋町
100%
肝属郡 10,551 垂水村
100%
- 53,882 那覇区
100%
鈴鹿郡 11,151 亀山町
75%
紀伊郡 26,879 伏見町
75%
加佐郡 15,504 新舞鶴町
75%
東成郡 32,864 鶴橋町
75%
豊能郡 10,322 池田町
75%
泉南郡 29,306 岸和田町
75%
加古郡 11,394 高砂町
75%
赤穂郡 15,408 相生町
75%
津名郡 22,166 洲本町
75%
浅口郡 20,916 玉島町
75%
安芸郡 13,945 江田島村
75%
西宇和郡 10,692 八幡浜町
75%
- 49,329 高知市
75%
- 95,381 福岡市
75%
遠賀郡 33,824 戸畑町
75%
鞍手郡 20,275 宮田村
75%
早良郡 14,174 姪浜町
75%
三潴郡 12,001 大川町
75%
山門郡 14,218 瀬高町
75%
企救郡 16,176 企救町
75%
田川郡 28,569 添田町
75%
田川郡 10,993 大任村
75%
玉名郡 15,121 荒尾町
75%
天草郡 11,534 牛深町
75%
北海部郡 11,349 佐賀関町
75%
鹿児島郡 12,987 吉野村
75%
鹿児島郡 25,986 谷山村
75%
揖宿郡 27,092 頴娃村
75%
川辺郡 15,720 加世田村
75%
川辺郡 16,315 川辺村
75%
出水郡 13,103 出水町
75%
伊佐郡 10,366 大口町
75%
大島郡 25,816 名瀬村
75%
中頭郡 11,707 浦添村
75%
中頭郡 12,704 宜野湾村
75%
国頭郡 13,311 名護村
75%
国頭郡 22,492 本部村
75%
宮古郡 21,277 平良村
75%
宇治郡 10,095 山科村
50%
加佐郡 19,518 中舞鶴町
50%
武庫郡 11,864 住吉村
50%
武庫郡 14,603 御影町
50%
川辺郡 20,262 小田村
50%
飾磨郡 11,197 飾磨町
50%
安芸郡 11,453 音戸町
50%
勝浦郡 13,975 小松島町
50%
温泉郡 11,207 三津浜町
50%
糟屋郡 11,532 志免村
50%
糟屋郡 11,979 宇美村
50%
嘉穂郡 16,976 稲築村
50%
嘉穂郡 11,477 幸袋町
50%
嘉穂郡 37,235 穂波村
50%
筑紫郡 19,729 住吉町
50%
山門郡 13,670 大和村
50%
企救郡 13,488 大里町
50%
田川郡 14,237 川崎村
50%
田川郡 10,327 糸田村
50%
東松浦郡 14,861 厳木村
50%
東松浦郡 23,881 相知村
50%
北諸県郡 11,257 三股村
50%
北諸県郡 10,555 高崎村
50%
西諸県郡 13,405 飯野村
50%
揖宿郡 12,020 喜入村
50%
川辺郡 23,577 東南方村
50%
川辺郡 12,204 西南方村
50%
日置郡 22,497 串木野村
50%
出水郡 21,220 阿久根村
50%
囎唹郡 11,573 大崎村
50%
熊毛郡 18,154 北種子村
50%
熊毛郡 11,072 中種子村
50%
大島郡 12,818 笠利村
50%
大島郡 12,739 天城村
50%
大島郡 12,422 和泊村
50%
大島郡 14,615 知名村
50%
- 22,838 首里区
50%
島尻郡 13,917 大里村
50%
中頭郡 15,263 北谷村
50%
国頭郡 11,525 国頭村
50%
八重山郡 13,674 石垣村
50%
西成郡 40,904 鷺洲町
25%
西成郡 56,110 豊崎町
25%
武庫郡 11,151 精道村
25%
山辺郡 10,302 丹波市町
25%
吉野郡 13,157 十津川村
25%
児島郡 10,758 琴浦町
25%
安芸郡 11,112 警固屋町
25%
賀茂郡 10,838 阿賀町
25%
佐波郡 10,361 中関村
25%
板野郡 17,420 撫養町
25%
越智郡 10,841 宮窪村
25%
鞍手郡 15,613 勝野村
25%
嘉穂郡 10,114 庄内村
25%
嘉穂郡 14,900 桂川村
25%
三池郡 14,304 銀水村
25%
三池郡 16,585 駛馬村
25%
企救郡 16,067 足立村
25%
杵島郡 18,087 北方村
25%
西彼杵郡 12,825 崎戸村
25%
南松浦郡 15,079 富江村
25%
阿蘇郡 10,203 北小国村
25%
鹿児島郡 18,102 伊敷村
25%
日置郡 13,885 東市来村
25%
薩摩郡 14,699 宮之城町
25%
姶良郡 14,282 加治木町
25%
囎唹郡 11,321 財部村
25%
囎唹郡 17,184 末吉村
25%
肝属郡 18,871 大根占村
25%
大島郡 11,564 龍郷村
25%
大島郡 13,451 喜界村
25%
大島郡 12,911 亀津村
25%
大島郡 10,090 東天城村
25%
島尻郡 10,605 小禄村
25%
島尻郡 12,787 真和志村
25%
中頭郡 10,615 西原村
25%
中頭郡 17,774 中城村
25%
中頭郡 16,830 美里村
25%
中頭郡 17,842 具志川村
25%
中頭郡 11,177 与那城村
25%
国頭郡 14,159 今帰仁村
25%
宮古郡 12,265 城辺村
25%
西成郡 11,778 伝法町
0%
西成郡 16,872 玉出町
0%
西成郡 12,654 西中島村
0%
西成郡 11,328 神津村
0%
西成郡 14,507 千船村
0%
東成郡 31,551 中本町
0%
東成郡 12,955 城東村
0%
東成郡 15,999 鯰江町
0%
東成郡 14,531 平野郷町
0%
武庫郡 21,926 西灘村
0%
有田郡 10,850 箕島町
0%
児島郡 11,666 日比町
0%
浅口郡 10,196 連島町
0%
安芸郡 11,988 仁保村
0%
安芸郡 12,051 倉橋島村
0%
御調郡 13,315 土生町
0%
豊浦郡 16,507 彦島村
0%
遠賀郡 13,669 長津村
0%
遠賀郡 18,429 香月村
0%
鞍手郡 10,828 新入村
0%
鞍手郡 12,120 西川村
0%
嘉穂郡 15,569 熊田村
0%
嘉穂郡 14,997 二瀬村
0%
筑紫郡 17,106 堅粕町
0%
筑紫郡 10,092 千代町
0%
八女郡 11,869 水田村
0%
山門郡 12,999 三橋村
0%
三池郡 15,642 三川町
0%
企救郡 17,469 板櫃村
0%
東松浦郡 17,318 北波多村
0%
西彼杵郡 13,287 松島村
0%
南高来郡 10,528 西有家村
0%
大野郡 10,258 東大野村
0%
東臼杵郡 10,143 富高村
0%
川辺郡 14,990 西加世田村
0%
川辺郡 11,104 東加世田村
0%
日置郡 14,934 伊作村
0%
日置郡 10,338 中伊集院村
0%
薩摩郡 10,387 高城村
0%
薩摩郡 12,611 隈之城村
0%
薩摩郡 11,535 下甑村
0%
出水郡 12,832 中出水村
0%
姶良郡 11,363 蒲生村
0%
姶良郡 11,337 牧園村
0%
姶良郡 12,634 西国分村
0%
肝属郡 13,572 西串良村
0%
大島郡 10,211 東方村
0%
大島郡 17,800 島尻村
0%
中頭郡 16,157 読谷山村
0%
国頭郡 11,618 羽地村
0%
No matching quizzes found
Score Distribution
Percent of People with Each Score
Percentile by Number Answered
Your Score History
You have not taken this quiz since the last reset